France Country Quiz - Statistics

General Stats
  • This quiz has been taken 23 times
    11 since last reset
  • The average score is 20 of 28
Answer Stats
Hint Answer % Correct
Current french president (2023) Emmanuel Macron
100%
Currency of France Euro
100%
Official language French
100%
Who was France at war with during WW2 Germany
100%
Germany
100%
Capital of France Paris
100%
Spain
100%
Switzerland
100%
What's the most visited art museum in the world. The Louvre
100%
Belgium
89%
Italy
89%
Most-populous urban areas(other than the above) Marseille
89%
Monaco
89%
Countries bordering France Andorra
78%
What is French culture famous for? Art
78%
Lyon
78%
What's France's motto Liberté, Égalité, Fraternité
56%
Luxembourg
56%
Cuisine
44%
French ... is recognised as a UNESCO cultural heritage. Gastronomy
44%
Which category has France won the most Nobel prizes in Literature
44%
Literature
44%
What is France main known for The Eiffel Tower
44%
Fashion
33%
Symbol on the French royalty Fleur-de-lis
33%
Philosophy
22%
France's nickname The Hexagon
22%
Wine
22%
No matching quizzes found
Score Distribution
Percent of People with Each Score
Percentile by Number Answered
Your Score History
You have not taken this quiz since the last reset